Study on the effeciency of tonle sap lake sediment on the yield improvement of phka rumduol rice at royal university of agriculture during rainy season 2007 ការសិក្សាប្រសិទ្ធភាពរបស់ភក់បឹងទន្លេសាបលើការបង្កើនទិន្នផលស្រូវផ្ការំដួលនៅរដូវវស្សាក្នុងសាកលវិទ្យាល័យភូមិន្ទកសិកម្ម (Record no. 883)
[ view plain ]
| 000 -LEADER | |
|---|---|
| fixed length control field | 00854nam a22001577a 4500 |
| 003 - CONTROL NUMBER IDENTIFIER | |
| control field | OSt |
| 005 - DATE AND TIME OF LATEST TRANSACTION | |
| control field | 20150920101719.0 |
| 008 - FIXED-LENGTH DATA ELEMENTS--GENERAL INFORMATION | |
| fixed length control field | 150920b xxu||||| |||| 00| 0 eng d |
| 040 ## - CATALOGING SOURCE | |
| Transcribing agency | RUA |
| 082 ## - DEWEY DECIMAL CLASSIFICATION NUMBER | |
| Classification number | AGR LY 2008 B038 Or.1 |
| 100 ## - MAIN ENTRY--PERSONAL NAME | |
| 9 (RLIN) | 916 |
| Personal name | LY, TOUCH. |
| 245 ## - TITLE STATEMENT | |
| Title | Study on the effeciency of tonle sap lake sediment on the yield improvement of phka rumduol rice at royal university of agriculture during rainy season 2007 ការសិក្សាប្រសិទ្ធភាពរបស់ភក់បឹងទន្លេសាបលើការបង្កើនទិន្នផលស្រូវផ្ការំដួលនៅរដូវវស្សាក្នុងសាកលវិទ្យាល័យភូមិន្ទកសិកម្ម |
| 260 ## - PUBLICATION, DISTRIBUTION, ETC. (IMPRINT) | |
| Place of publication, distribution, etc. | Phnom Penh |
| Name of publisher, distributor, etc. | RUA |
| Date of publication, distribution, etc. | 2008 |
| 300 ## - PHYSICAL DESCRIPTION | |
| Extent | xii; 52p. |
| Other physical details | ill. |
| Dimensions | 29cm. |
| 942 ## - ADDED ENTRY ELEMENTS (KOHA) | |
| Source of classification or shelving scheme | |
| Koha item type | AGR |
| Price effective from | Date last seen | Permanent Location | Not for loan | Date acquired | Source of classification or shelving scheme | Koha item type | Lost status | Withdrawn status | Date last checked out | Total Checkouts | Shelving location | Damaged status | Barcode | Current Location | Full call number |
|---|---|---|---|---|---|---|---|---|---|---|---|---|---|---|---|
| 2015-09-20 | 2015-09-20 | Library Block B | 2015-09-20 | AGR | B038 | RUA002149 | Library Block B | AGR LY 2008 B038 Or.1 | |||||||
| 2015-09-20 | 2015-09-20 | Library Block B | 2015-09-20 | AGR | B038 | RUA002362 | Library Block B | AGR LY 2008 B038 Or.2 | |||||||
| 2015-09-20 | 2015-09-20 | Library Block B | 2015-09-20 | AGR | B038 | RUA002218 | Library Block B | AGR LY 2008 B038 Or.3 | |||||||
| 2015-09-20 | 2015-09-20 | Library Block B | 2015-09-20 | AGR | B038 | RUA002930 | Library Block B | AGR LY 2008 B038 Or.4 | |||||||
| 2015-09-20 | 2015-09-20 | Library Block B | 2015-09-20 | AGR | B038 | RUA002293 | Library Block B | AGR LY 2008 B038 Or.5 | |||||||
| 2015-09-20 | 2015-09-20 | Library Block B | 2015-09-20 | AGR | B038 | RUA002485 | Library Block B | AGR LY 2008 B038 Or.6 | |||||||
| 2015-09-20 | 2023-04-21 | Library Block B | 2015-09-20 | AGR | 2023-03-22 | 1 | B038 | RUA002275 | Library Block B | AGR LY 2008 B038 Or.7 | |||||
| 2015-09-20 | 2015-09-20 | Library Block B | 2015-09-20 | AGR | B038 | RUA002425 | Library Block B | AGR LY 2008 B038 Or.8 | |||||||
| 2015-09-20 | 2015-09-20 | Library Block B | 2015-09-20 | AGR | B038 | RUA002203 | Library Block B | AGR LY 2008 B038 Or.9 | |||||||
| 2015-09-20 | 2015-09-20 | Library Block B | 2015-09-20 | AGR | B038 | RUA002059 | Library Block B | AGR LY 2008 B038 Or.10 |